Θεωρία σημειωτικής

Αποθηκεύτηκε σε:
Λεπτομέρειες βιβλιογραφικής εγγραφής
Κύριος συγγραφέας: Eco, Umberto
Άλλοι συγγραφείς: Καλλιφατίδη, Έφη (trlf)
Μορφή: Βιβλίο
Γλώσσα:Greek
English
Δημοσίευση: Αθήνα : Γνώση, 1989, 1994.
Έκδοση:2η έκδ.
Σειρά:Φιλοσοφική και πολιτική βιβλιοθήκη ; v.25
Θέματα:
Ετικέτες: Προσθήκη ετικέτας
Δεν υπάρχουν, Καταχωρήστε ετικέτα πρώτοι!

MARC

LEADER 00000cam a2200000 i 4500
001 1/67738
008 940824s1989 gr | ||| |||| ||gre||
020 |a 9602352310 
035 |l 10047530 
035 |l 10009202 
040 |a GR-MY-UA  |b gre  |e aacr 
041 1 |a gre  |h eng 
082 7 |a 302.2   |2 (22) 
100 1 |a Eco, Umberto. 
245 1 0 |a Θεωρία σημειωτικής /   |c Umberto Eco ; μετάφραση: Έφη Καλλιφατίδη.  
250 |a 2η έκδ. 
260 |a Αθήνα :   |b Γνώση,   |c 1989, 1994.  
300 |a 502 σ. :   |b πίν. ;   |c 21 εκ.  
490 1 |a (Φιλοσοφική και πολιτική βιβλιοθήκη ;   |v  vol.25) 
500 |a Μετάφραση του: A theory of semiotics 
504 |a Περιέχει βιβλιογραφικές παραπομπές.  
650 0 0 |a Semiotics. 
700 1 |a Καλλιφατίδη, Έφη,  |e trlf 
765 0 8 |i Μετάφραση του:   |t A theory of semiotics /  
830 0 |a Φιλοσοφική και πολιτική βιβλιοθήκη ;  |v  v.25 
852 |a INST  |b LESVOS  |e 19940824  |h 302.2 ECO  |p 005100006330  |q 005100006330  |t BK  |y 0 
852 |a INST  |b RHODES  |e 19990125  |h 302.2 ECO  |p 005400005648  |q 005400005648  |t BK  |y 0 
909 |a Ρ  |b 057198 
909 |a Λ  |b 035154 
922 |a 4ΕΛΗ  |b 199805  |c ΚΠΣ/Ν  |d EMVASIS 
970 |z 1999/01